[Event "Montmagny op"]
[Site "Montmagny CAN"]
[Date "2009.11.08"]
[Round "4"]
[White "Kraiouchkine, Nikita"]
[Black "Bolduc, Steve"]
[Result "1/2-1/2"]
[WhiteElo "2287"]
[BlackElo "2278"]
[PlyCount "75"]
[EventDate "2009.11.06"]
[EventType "swiss"]
[EventRounds "5"]
[EventCountry "CAN"]

1. e4 c5 2. Nc3 Nc6 3. g3 g6 4. Bg2 Bg7 5. Nge2 e5 6. d3 Nge7 7. O-O d6 8. f4
O-O 9. fxe5 dxe5 10. Nd5 f6 11. Be3 b6 12. c3 Be6 13. c4 Qd7 14. Nec3 Nd4 15.
Rb1 Nxd5 16. exd5 Bg4 17. Qd2 a5 18. a3 Nb3 19. Qc2 Nd4 20. Qd2 Nb3 21. Qc2 Nd4
22. Qf2 a4 23. Kh1 Kh8 24. Qd2 Nb3 25. Qc2 Nd4 26. Qd2 Nb3 27. Qe1 Nd4 28. Rf2
Bh3 29. Bxh3 Qxh3 30. Qf1 Qd7 31. Ne2 f5 32. Nc3 h5 33. Qd1 Kh7 34. Qd2 Nb3 35.
Qc2 Nd4 36. Qd2 Nb3 37. Qe1 Nd4 38. Qd2 1/2-1/2

[Event "Quebec-ch classe"]
[Site "Trois-Rivieres CAN"]
[Date "2009.10.09"]
[Round "1.4"]
[White "Kraiouchkine, Nikita"]
[Black "Le Duin, Thierry"]
[Result "1-0"]
[WhiteElo "2241"]
[BlackElo "2029"]
[PlyCount "79"]
[EventDate "2009.10.09"]
[EventType "swiss"]
[EventRounds "5"]
[EventCountry "CAN"]
[TimeControl "6000"]

1. e4 d5 2. exd5 Nf6 3. Nf3 Qxd5 4. Nc3 Qh5 5. d4 Bg4 6. Be2 Nc6 7. h3 O-O-O 8.
O-O e5 9. d5 Bb4 10. hxg4 Nxg4 11. Nh4 f5 12. Bxg4 fxg4 13. Ne4 Be7 14. Ng3
Qxh4 15. Be3 h5 16. c4 Qf6 17. Ne4 Qg6 18. Qc2 Nd4 19. Bxd4 exd4 20. Rfd1 Rhe8
21. Qd3 Bh4 22. Re1 Qb6 23. Re2 Bf6 24. Rae1 Kb8 25. a3 a6 26. b4 h4 27. Nc5
Rxe2 28. Rxe2 Qd6 29. Qf5 g3 30. f3 Ka7 31. Re6 Qf8 32. Qe4 Rd6 33. Re8 Qf7 34.
a4 b6 35. Nd3 Qd7 36. c5 Rxd5 37. Nf4 d3 38. Nxd5 d2 39. Ra8+ Kxa8 40. Nxb6+
1-0

[Event "Quebec-ch classe"]
[Site "Trois-Rivieres CAN"]
[Date "2009.10.10"]
[Round "2.2"]
[White "Larochelle, Martial"]
[Black "Kraiouchkine, Nikita"]
[Result "0-1"]
[WhiteElo "2155"]
[BlackElo "2241"]
[PlyCount "83"]
[EventDate "2009.10.09"]
[EventType "swiss"]
[EventRounds "5"]
[EventCountry "CAN"]

1. d4 d5 2. c4 c6 3. Nf3 Nf6 4. Nc3 dxc4 5. a4 e6 6. e4 Bb4 7. e5 Nd5 8. Bd2
Bxc3 9. bxc3 b5 10. Ng5 f5 11. exf6 Nxf6 12. Be2 a6 13. O-O O-O 14. Qb1 h6 15.
Nf3 Nbd7 16. Re1 Qe7 17. Nh4 Qf7 18. Ng6 Re8 19. Bf3 Bb7 20. Qc2 Nd5 21. Ne5
Nxe5 22. Rxe5 Qf6 23. Qe4 c5 24. Bg4 cxd4 25. cxd4 Kh8 26. Bxe6 Rf8 27. Rf5 Nc7
28. Qxb7 Qxd4 29. Rf1 Nxe6 30. Be3 Qg4 31. Rxf8+ Rxf8 32. axb5 axb5 33. Qxb5
Nf4 34. Bxf4 Qxf4 35. Qc5 Rd8 36. g3 Qe4 37. Rc1 Rd4 38. h4 Kh7 39. Qc8 Rd3 40.
Qc7 c3 41. h5 Qf3 42. Qc5 {incomplet} 0-1

[Event "Quebec-ch classe"]
[Site "Trois-Rivieres CAN"]
[Date "2009.10.10"]
[Round "3"]
[White "Kraiouchkine, Nikita"]
[Black "Bolduc, Steve"]
[Result "1/2-1/2"]
[WhiteElo "2241"]
[BlackElo "2238"]
[PlyCount "66"]
[EventDate "2009.10.09"]
[EventType "swiss"]
[EventRounds "5"]
[EventCountry "CAN"]

1. e4 Nf6 2. e5 Nd5 3. d4 d6 4. Nf3 dxe5 5. Nxe5 c6 6. Bd3 Nd7 7. Nxd7 Bxd7 8.
c4 Nf6 9. h3 Bf5 10. O-O Bxd3 11. Qxd3 e6 12. Nc3 Be7 13. Bf4 O-O 14. Rab1 Qa5
15. a3 Rad8 16. Rfd1 Rd7 17. Qf3 Qa6 18. Qe2 Rfd8 19. Be3 Qa5 20. Rd2 Qf5 21.
Rbd1 h5 22. Qd3 Qxd3 23. Rxd3 b6 24. Kf1 Ne8 25. Ne4 Nd6 26. Nxd6 Bxd6 27. a4
Bb4 28. Ke2 f6 29. b3 Kf7 30. Bd2 Bxd2 31. R1xd2 Rd6 32. Rd1 R6d7 33. b4 a6
1/2-1/2

[Event "Quebec-ch classe"]
[Site "Trois-Rivieres CAN"]
[Date "2009.10.11"]
[Round "4.1"]
[White "Rainfray, Arnaud"]
[Black "Kraiouchkine, Nikita"]
[Result "1/2-1/2"]
[WhiteElo "2391"]
[BlackElo "2241"]
[PlyCount "89"]
[EventDate "2009.10.09"]
[EventType "swiss"]
[EventRounds "5"]
[EventCountry "CAN"]
[TimeControl "6000"]

1. e4 e5 2. Nf3 Nc6 3. d4 exd4 4. Bc4 Nf6 5. e5 d5 6. Bb5 Ne4 7. Nxd4 Bd7 8.
Bxc6 bxc6 9. O-O Bc5 10. f3 Ng5 11. f4 Ne4 12. Be3 O-O 13. Nd2 Nxd2 14. Qxd2 f6
15. Nb3 Bb6 16. Bc5 Bf5 17. Kh1 Re8 18. Bd4 fxe5 19. fxe5 Be4 20. c3 Qe7 21.
Qf2 Rf8 22. Qg3 c5 23. Be3 Kh8 24. Nd2 Bg6 25. Nf3 c6 26. Bg5 Qe6 27. Be3 h6
28. a4 Bd3 29. Rfe1 Qe7 30. b4 c4 31. Nd4 Bxd4 32. Bxd4 Qe6 33. b5 Rf5 34. bxc6
Rg5 35. Qf4 Qxc6 36. Re3 Qg6 37. Rg3 Rxg3 38. Qxg3 Qxg3 39. hxg3 a6 40. Ra2 Rf8
41. Rb2 Rf1+ 42. Kh2 Rb1 43. Rf2 Rf1 44. Rxf1 Bxf1 45. a5 1/2-1/2

[Event "Quebec-ch classe"]
[Site "Trois-Rivieres CAN"]
[Date "2009.10.11"]
[Round "5.2"]
[White "Kraiouchkine, Nikita"]
[Black "Libersan, Thierry"]
[Result "1-0"]
[WhiteElo "2241"]
[BlackElo "2084"]
[PlyCount "115"]
[EventDate "2009.10.09"]
[EventType "swiss"]
[EventRounds "5"]
[EventCountry "CAN"]
[TimeControl "6000"]

1. e4 c5 2. Nf3 d6 3. d4 cxd4 4. Nxd4 Nf6 5. Nc3 a6 6. Bc4 e6 7. Bb3 Nbd7 8. f4
Nc5 9. f5 Nxb3 10. axb3 e5 11. Nde2 Bd7 12. Bg5 Bc6 13. Bxf6 Qxf6 14. O-O Qd8
15. Nd5 Bxd5 16. Qxd5 Qb6+ 17. Kh1 Be7 18. Nc3 Rc8 19. Rad1 O-O 20. Qd3 Qc5 21.
Nd5 Bd8 22. c3 f6 23. Nb4 Be7 24. Nd5 Bd8 25. Rd2 Rf7 26. g4 h6 27. h4 b5 28.
Rg1 Kf8 29. Nb4 a5 30. Nc2 Rc6 31. Qe2 Rb7 32. Rd5 Qb6 33. Rgd1 Be7 34. Kg2 Rc5
35. Na3 b4 36. Nc4 Qa6 37. Rxc5 dxc5 38. Ra1 Rd7 39. cxb4 cxb4 40. Rxa5 Qc6 41.
Ra1 Rd4 42. Kf3 Bc5 43. Rd1 Qd7 44. Ne3 Rxd1 45. Qxd1 Qxd1+ 46. Nxd1 Ke7 47.
Ke2 Kd7 48. Kd3 Kc7 49. Kc4 Kc6 50. h5 Kb6 51. Kd5 Bg1 52. Ke6 Bh2 53. Kf7 Bf4
54. Kxg7 Bg5 55. Nf2 Kc5 56. Nh3 Be3 57. Kxf6 Kd4 58. g5 1-0

[Event "Montreal op"]
[Site "Montreal CAN"]
[Date "2009.09.12"]
[Round "2"]
[White "Kraiouchkine, Nikita"]
[Black "Rainfray, Arnaud"]
[Result "1/2-1/2"]
[WhiteElo "2201"]
[BlackElo "2394"]
[PlyCount "117"]
[EventDate "2009.09.11"]
[EventType "swiss"]
[EventRounds "5"]
[EventCountry "CAN"]

1. e4 c5 2. Nf3 Nc6 3. d4 cxd4 4. Nxd4 Nf6 5. Nc3 e5 6. Ndb5 d6 7. Bg5 a6 8.
Na3 b5 9. Nd5 Be7 10. Bxf6 Bxf6 11. c3 Bb7 12. Nc2 Nb8 13. a4 bxa4 14. Nce3 Nd7
15. Nc4 O-O 16. Nxd6 Bxd5 17. Qxd5 Qc7 18. Rd1 a3 19. bxa3 Qxc3+ 20. Qd2 Qxa3
21. Bc4 Nb6 22. Bxf7+ Rxf7 23. Nxf7 Kxf7 24. O-O Rd8 25. Qc2 Qa4 26. Qe2 Rxd1
27. Rxd1 a5 28. Rb1 Nd7 29. Qd3 Qc6 30. Qb3+ Qe6 31. Qb5 Bd8 32. Rd1 Ke7 33. h3
h5 34. Kh2 h4 35. f3 Ke8 36. Qa4 Bb6 37. Qb5 Bd4 38. Qxa5 Qf6 39. Qd5 Ke7 40.
Rb1 Nb6 41. Qb7+ Kf8 42. Qb8+ Kf7 43. Qh8 Nd7 44. Qh5+ Ke7 45. Qg4 Nc5 46. Rb8
Ne6 47. Rb7+ Kd6 48. Qf5 Qh6 49. Qf7 Qf4+ 50. Qxf4 exf4 51. Rf7 Bf2 52. Rf5 Be3
53. Rd5+ Kc6 54. Re5 Kd6 55. Rd5+ Ke7 56. Ra5 Nc5 57. Ra7+ Kf6 58. Rc7 Bd4 59.
Rc8 1/2-1/2

[Event "Montreal op"]
[Site "Montreal CAN"]
[Date "2009.09.12"]
[Round "3"]
[White "Kraiouchkine, Nikita"]
[Black "Gerzhoy, Leonid"]
[Result "0-1"]
[WhiteElo "2201"]
[BlackElo "2412"]
[Annotator ",user"]
[PlyCount "38"]
[EventDate "2009.09.11"]
[EventType "swiss"]
[EventRounds "5"]
[EventCountry "CAN"]

1. e4 c5 2. Nf3 d6 3. d4 cxd4 4. Nxd4 Nf6 5. Nc3 a6 6. Bc4 e6 7. Bb3 b5 8. f4
Bb7 9. O-O Nbd7 10. Re1 Nc5 11. f5 e5 12. Nf3 Be7 13. Nd2 O-O 14. Bd5 b4 15.
Bxb7 bxc3 16. Bxa8 cxd2 17. Bxd2 Qxa8 18. Be3 Ncxe4 19. c3 d5 0-1

[Event "Quebec op U2400"]
[Site "Montreal CAN"]
[Date "2009.07.19"]
[Round "2"]
[White "Caire, Francois"]
[Black "Kraiouchkine, Nikita"]
[Result "1-0"]
[WhiteElo "2260"]
[BlackElo "2114"]
[PlyCount "107"]
[EventDate "2009.07.18"]
[EventType "swiss"]
[EventRounds "9"]
[EventCountry "CAN"]

1. d4 d5 2. Nf3 Nf6 3. c4 c6 4. Nc3 dxc4 5. a4 e6 6. e3 c5 7. Bxc4 cxd4 8. exd4
Nc6 9. O-O Be7 10. Bf4 O-O 11. Qd2 Nb4 12. Rfd1 Nfd5 13. Bg3 b6 14. Ne5 Bb7 15.
Rac1 Rc8 16. Bb3 f6 17. Nxd5 Bxd5 18. Rxc8 Qxc8 19. Bxd5 Nxd5 20. Rc1 Qa6 21.
Nc6 Qxa4 22. Qe2 Kf7 23. Qh5+ Kg8 24. Qe2 Kf7 25. b3 Qxb3 26. Re1 e5 27. dxe5
f5 28. e6+ Kg8 29. Qe5 Re8 30. Qxf5 Bf6 31. e7 Nxe7 32. Qd7 Kf8 33. Bd6 Qa4 34.
g3 g6 35. Bxe7+ Bxe7 36. Rxe7 Rxe7 37. Qxe7+ Kg8 38. Qe6+ Kg7 39. Ne5 Qb4 40.
Nd7 b5 41. g4 h5 42. gxh5 gxh5 43. Qf6+ Kh7 44. Qf5+ Kg7 45. Ne5 Qd6 46. Qg5+
Kf8 47. Qxh5 Qe6 48. Ng6+ Kg8 49. Qd5 Kf7 50. Ne5+ Kf6 51. Qxe6+ Kxe6 52. Nc6
Kd5 53. Na5 b4 54. h4 1-0

[Event "Quebec op U2400"]
[Site "Montreal CAN"]
[Date "2009.07.19"]
[Round "3"]
[White "Kraiouchkine, Nikita"]
[Black "Libersan, Thierry"]
[Result "1/2-1/2"]
[WhiteElo "2114"]
[BlackElo "2053"]
[PlyCount "43"]
[EventDate "2009.07.18"]
[EventType "swiss"]
[EventRounds "9"]
[EventCountry "CAN"]

1. e4 c5 2. Nf3 d6 3. d4 cxd4 4. Nxd4 Nf6 5. Nc3 a6 6. Bc4 e6 7. Bb3 Nbd7 8. f4
Nc5 9. f5 Be7 10. O-O O-O 11. fxe6 fxe6 12. Nf5 Nxb3 13. Nxe7+ Qxe7 14. axb3
Bd7 15. Bf4 e5 16. Bg5 Bc6 17. Qd3 h6 18. Bxf6 Rxf6 19. Rxf6 Qxf6 20. Nd5 Qg5
21. g3 Rf8 22. Kg2 1/2-1/2

[Event "Quebec op U2400"]
[Site "Montreal CAN"]
[Date "2009.07.21"]
[Round "5"]
[White "Kraiouchkine, Nikita"]
[Black "Berube, Antoine"]
[Result "0-1"]
[WhiteElo "2114"]
[BlackElo "2151"]
[PlyCount "70"]
[EventDate "2009.07.18"]
[EventType "swiss"]
[EventRounds "9"]
[EventCountry "CAN"]

1. e4 c5 2. Nf3 d6 3. d4 cxd4 4. Nxd4 Nf6 5. Nc3 a6 6. Bc4 e6 7. Bb3 Nbd7 8. f4
Nc5 9. f5 Be7 10. O-O O-O 11. fxe6 fxe6 12. Nf5 Nxb3 13. Nxe7+ Qxe7 14. axb3 b5
15. Nxb5 Nxe4 16. Rxf8+ Qxf8 17. Be3 Qe7 18. Nd4 d5 19. c3 Nf6 20. b4 Bb7 21.
Nb3 e5 22. Nc5 Rd8 23. Qe2 Bc8 24. Nxa6 Qd6 25. Bc5 Qc6 26. Ra5 d4 27. cxd4
exd4 28. Qd3 Bb7 29. Qf3 Qxf3 30. gxf3 d3 31. Be3 d2 32. Bxd2 Rxd2 33. Nc5 Bxf3
34. b3 Ng4 35. Ne6 Rd1# 0-1

[Event "Quebec op U2400"]
[Site "Montreal CAN"]
[Date "2009.07.23"]
[Round "7"]
[White "Kraiouchkine, Nikita"]
[Black "Beaulieu, Pierre"]
[Result "1-0"]
[WhiteElo "2114"]
[BlackElo "1989"]
[PlyCount "87"]
[EventDate "2009.07.18"]
[EventType "swiss"]
[EventRounds "9"]
[EventCountry "CAN"]

1. e4 b6 2. d4 Bb7 3. Bd3 e6 4. Nf3 Nf6 5. Qe2 Be7 6. O-O d6 7. Rd1 Nbd7 8. e5
Nd5 9. Be4 c6 10. c4 Nc7 11. exd6 Bxd6 12. Bg5 f6 13. Bh4 O-O 14. Ne5 Qe8 15.
Bxc6 Bxc6 16. Nxc6 Rf7 17. Nc3 Nf8 18. d5 e5 19. Ne4 Qd7 20. b4 f5 21. Nxd6
Qxd6 22. Qxe5 Qh6 23. Bd8 Ng6 24. Qd6 Ne8 25. Qe6 Nf6 26. Ne7+ Nxe7 27. Bxe7
Ne4 28. Qxh6 gxh6 29. d6 Nc3 30. Rd2 Ne4 31. Rd3 Nf6 32. d7 Rxe7 33. d8=Q+ Rxd8
34. Rxd8+ Kf7 35. c5 bxc5 36. bxc5 Rc7 37. Rc1 Nd7 38. c6 Ne5 39. Rb8 Nxc6 40.
Rb5 Re7 41. Rxf5+ Kg6 42. Rd5 Ne5 43. h3 Re6 44. f4 1-0

[Event "Quebec op U2400"]
[Site "Montreal CAN"]
[Date "2009.07.24"]
[Round "8"]
[White "Poulin, Mathieu"]
[Black "Kraiouchkine, Nikita"]
[Result "0-1"]
[WhiteElo "1749"]
[BlackElo "2114"]
[PlyCount "112"]
[EventDate "2009.07.18"]
[EventType "swiss"]
[EventRounds "9"]
[EventCountry "CAN"]

1. d4 d5 2. c4 c6 3. cxd5 cxd5 4. Nc3 Nf6 5. Bf4 Nc6 6. e3 Qb6 7. Rb1 Bf5 8.
Bd3 Bg6 9. a3 e6 10. Nf3 Be7 11. O-O O-O 12. Ne5 Nxe5 13. Bxe5 Rac8 14. Bxg6
hxg6 15. Qd2 Qb3 16. Rfc1 Nd7 17. Bg3 Nb6 18. Qc2 Qxc2 19. Rxc2 Nc4 20. Kf1 Rc6
21. Ke2 Rfc8 22. Na2 a5 23. Rc3 Nxa3 24. Rbc1 Nb5 25. Rxc6 Rxc6 26. Rxc6 bxc6
27. Kd3 c5 28. dxc5 Bxc5 29. f3 f5 30. Be1 Bb6 31. Nc3 Nd6 32. b3 Kf7 33. Na4
Bc7 34. h3 e5 35. Bc3 Nb5 36. e4 dxe4+ 37. fxe4 Kf6 38. Bd2 Nd4 39. b4 axb4 40.
Bxb4 Ne6 41. Bd2 f4 42. Nc3 Kg5 43. Nd5 Bd6 44. Ke2 Kh5 45. Be1 g5 46. g4+ fxg3
47. Bxg3 g4 48. hxg4+ Kxg4 49. Kf2 Ng5 50. Ne3+ Kh5 51. Nf5 Nxe4+ 52. Kf3 Nxg3
53. Nxd6 Kh4 54. Nf7 e4+ 55. Kf4 g6 56. Ng5 Nh5+ 0-1

[Event "Foxwoods op"]
[Site "Ledyard USA"]
[Date "2009.04.09"]
[Round "2"]
[White "Kraiouchkine, Nikita"]
[Black "Williams, C USA."]
[Result "1-0"]
[WhiteElo "2081"]
[BlackElo "2244"]
[PlyCount "103"]
[EventDate "2009.04.08"]
[EventType "swiss"]
[EventRounds "9"]
[EventCountry "USA"]
[Source "Mark Crowther"]
[SourceDate "2009.04.13"]

1. e4 c5 2. Nf3 e6 3. d4 cxd4 4. Nxd4 a6 5. Bd3 Bc5 6. Nb3 Ba7 7. Qg4 g6 8. Nc3
d6 9. Qg3 Nf6 10. Bh6 Nh5 11. Qf3 Nd7 12. O-O-O Ne5 13. Qe2 Qf6 14. Qd2 Ng4 15.
Bg5 Qxf2 16. Bb5+ Kf8 17. Qxd6+ Kg7 18. Rhf1 h6 19. Rxf2 Nxf2 20. Qe5+ Kh7 21.
Bf6 Rg8 22. Qc7 Nxf6 23. Rd8 Be3+ 24. Kb1 axb5 25. Qxf7+ Rg7 26. Qxf6 Bg5 27.
Rxc8 Bxf6 28. Rxa8 Bxc3 29. bxc3 Nxe4 30. Rc8 e5 31. Re8 Nxc3+ 32. Kb2 Nd1+ 33.
Kc1 Ne3 34. Rxe5 Nxg2 35. Rxb5 Rf7 36. Nc5 Rf2 37. Rxb7+ Kg8 38. Nd3 Re2 39.
Kd1 Re4 40. Rb4 Ne3+ 41. Kd2 Re6 42. c4 Nf1+ 43. Kc3 Nxh2 44. c5 Kf7 45. Rh4
Nf3 46. Rf4+ Rf6 47. Rxf6+ Kxf6 48. a4 Ke6 49. a5 Kd5 50. a6 Kc6 51. Nb4+ Kc7
52. Nd5+ 1-0

[Event "Foxwoods op"]
[Site "Ledyard USA"]
[Date "2009.04.10"]
[Round "4"]
[White "Kraiouchkine, Nikita"]
[Black "Moon, Ryan"]
[Result "1/2-1/2"]
[WhiteElo "2081"]
[BlackElo "2228"]
[PlyCount "77"]
[EventDate "2009.04.08"]
[EventType "swiss"]
[EventRounds "9"]
[EventCountry "USA"]
[Source "Mark Crowther"]
[SourceDate "2009.04.13"]

1. e4 c5 2. Nf3 d6 3. d4 cxd4 4. Nxd4 Nf6 5. Nc3 g6 6. Be3 Bg7 7. f3 O-O 8. Qd2
Nc6 9. O-O-O d5 10. Kb1 Nxd4 11. e5 Nd7 12. Bxd4 Nxe5 13. Qe3 Nc6 14. Bxg7 Kxg7
15. Rxd5 Qc7 16. h4 Be6 17. Rc5 b6 18. Rb5 Qd6 19. h5 Qd4 20. Qc1 Kg8 21. Bd3
Rac8 22. Ne2 Qf6 23. Qe3 Rfd8 24. Nf4 Qd4 25. Qxd4 Nxd4 26. Re5 Rd6 27. hxg6
hxg6 28. Rhe1 Nc6 29. R5e3 Bd7 30. Ba6 Rd8 31. Rd3 Bf5 32. Rxd6 Rxd6 33. Bd3
Bxd3 34. Nxd3 e5 35. b3 Re6 36. c3 Kg7 37. Kc2 f5 38. b4 Kf6 39. Nf2 1/2-1/2

[Event "Foxwoods op"]
[Site "Ledyard USA"]
[Date "2009.04.10"]
[Round "5"]
[White "Pozarek, Steven"]
[Black "Kraiouchkine, Nikita"]
[Result "0-1"]
[WhiteElo "2139"]
[BlackElo "2081"]
[PlyCount "56"]
[EventDate "2009.04.08"]
[EventType "swiss"]
[EventRounds "9"]
[EventCountry "USA"]
[Source "Mark Crowther"]
[SourceDate "2009.04.13"]

1. d4 d5 2. Nf3 Nf6 3. c4 c6 4. Nc3 dxc4 5. e3 b5 6. a4 b4 7. Na2 a5 8. Bxc4 e6
9. O-O Be7 10. Qe2 Bb7 11. Rd1 Nbd7 12. e4 O-O 13. Bf4 Qb6 14. Nc1 c5 15. dxc5
Nxc5 16. e5 Nd5 17. Be3 Rac8 18. Nb3 Nxe3 19. Qxe3 Nxa4 20. Rxa4 Qxe3 21. fxe3
Bxf3 22. gxf3 Rxc4 23. Rxa5 Rc2 24. Rd7 Bg5 25. f4 Rxb2 26. Nc5 Bh4 27. Nd3 Rd2
28. Raa7 b3 0-1

[Event "Foxwoods op"]
[Site "Ledyard USA"]
[Date "2009.04.11"]
[Round "6"]
[White "Kraiouchkine, Nikita"]
[Black "Yanayt, Eugene"]
[Result "1-0"]
[WhiteElo "2081"]
[BlackElo "2207"]
[PlyCount "39"]
[EventDate "2009.04.08"]
[EventType "swiss"]
[EventRounds "9"]
[EventCountry "USA"]
[Source "Mark Crowther"]
[SourceDate "2009.04.13"]

1. e4 c5 2. Nf3 d6 3. d4 cxd4 4. Nxd4 Nf6 5. Nc3 a6 6. Bc4 e6 7. Bb3 b5 8. f4
b4 9. Na4 Nxe4 10. O-O d5 11. f5 Be7 12. fxe6 fxe6 13. Nxe6 Bxe6 14. Qh5+ g6
15. Qe5 Kd7 16. Bxd5 Bxd5 17. Qxd5+ Kc8 18. Qxe4 Ra7 19. Be3 Rb7 20. Rad1 1-0

[Event "Mauricie op"]
[Site "Trois-Rivieres CAN"]
[Date "2009.03.20"]
[Round "1"]
[White "Kraiouchkine, Nikita"]
[Black "Ramaswamy, Kishor"]
[Result "1-0"]
[WhiteElo "2243"]
[BlackElo "2162"]
[PlyCount "81"]
[EventDate "2009.03.20"]
[EventType "swiss"]
[EventRounds "5"]
[EventCountry "CAN"]

1. e4 c6 2. d4 d5 3. Nc3 dxe4 4. Nxe4 Nf6 5. Nxf6+ gxf6 6. c3 Bf5 7. Nf3 Nd7 8.
g3 e6 9. Bg2 Qc7 10. O-O O-O-O 11. Qe2 Bg4 12. Be3 Bd6 13. c4 c5 14. dxc5 Bxc5
15. Bxc5 Qxc5 16. b4 Qf5 17. Qe3 Nb6 18. Rfd1 Kb8 19. c5 Nc4 20. Qc3 Bxf3 21.
Bxf3 Ne5 22. Bg2 Ng4 23. Rd2 Qe5 24. Qxe5+ Nxe5 25. Rad1 Rxd2 26. Rxd2 Kc7 27.
f4 Nc4 28. Rd4 Ne3 29. Be4 f5 30. Bf3 Nc2 31. Rc4 Ne3 32. Rc3 Nd5 33. Bxd5 exd5
34. Re3 Rd8 35. Re5 Kc6 36. Rxf5 Rd7 37. a4 a5 38. Rf6+ Kc7 39. bxa5 d4 40. Kf2
Re7 41. a6 1-0

[Event "Mauricie op"]
[Site "Trois-Rivieres CAN"]
[Date "2009.03.21"]
[Round "2"]
[White "Rainfray, Arnaud"]
[Black "Kraiouchkine, Nikita"]
[Result "1/2-1/2"]
[WhiteElo "2393"]
[BlackElo "2243"]
[PlyCount "121"]
[EventDate "2009.03.20"]
[EventType "swiss"]
[EventRounds "5"]
[EventCountry "CAN"]

1. e4 e5 2. Bc4 Nf6 3. d3 Nc6 4. Nf3 Be7 5. O-O d6 6. c3 O-O 7. Re1 Na5 8. Bb5
a6 9. Ba4 b5 10. Bc2 c5 11. Nbd2 Nc6 12. a4 Be6 13. h3 h6 14. Nf1 Qc7 15. Ng3
Rfe8 16. Nh4 d5 17. Nhf5 d4 18. Qf3 Kh7 19. Nxe7 Nxe7 20. Bd2 bxa4 21. cxd4
exd4 22. Bxa4 Rec8 23. Bxh6 Kxh6 24. e5 Ned5 25. exf6 Nxf6 26. Ne4 Nd5 27. Rac1
Qf4 28. Qe2 Nb6 29. Bd1 g6 30. Rxc5 Rxc5 31. Nxc5 Bxh3 32. Qf3 Qxf3 33. Bxf3
Rc8 34. b4 Bf5 35. g4 Bd7 36. Nxd7 Nxd7 37. Re7 Nf6 38. Rxf7 Kg5 39. Ra7 Rb8
40. Rb7 Rxb7 41. Bxb7 Kxg4 42. Bxa6 Nd5 43. b5 Kf4 44. Bb7 Nb6 45. Kf1 g5 46.
Ke2 Na4 47. Bc6 Nb6 48. Be4 Nd7 49. Kd2 Ke5 50. Kc2 Kd6 51. Kb3 Kc5 52. Ka4
Nb6+ 53. Ka5 Nc8 54. Ka6 Nb6 55. Bc6 Na4 56. Be8 Nb6 57. Bc6 Na4 58. Bd7 Nb6
59. Be8 Nd5 60. Ka7 Nb6 61. Ka6 1/2-1/2

[Event "Mauricie op"]
[Site "Trois-Rivieres CAN"]
[Date "2009.03.21"]
[Round "3"]
[White "Kraiouchkine, Nikita"]
[Black "Gulko, Andrei"]
[Result "0-1"]
[WhiteElo "2243"]
[BlackElo "2075"]
[PlyCount "142"]
[EventDate "2009.03.20"]
[EventType "swiss"]
[EventRounds "5"]
[EventCountry "CAN"]

1. e4 e5 2. Nf3 Nf6 3. Nc3 Nc6 4. d4 Bb4 5. Nxe5 O-O 6. Nxc6 dxc6 7. Bg5 Re8 8.
e5 Qd5 9. Be3 Ne4 10. Qd3 Bf5 11. Bd2 Nxc3 12. Qe3 Nb5 13. Bxb4 Nxd4 14. O-O-O
c5 15. c4 Qxe5 16. Qxe5 Rxe5 17. Bxc5 Rxc5 18. Rxd4 Kf8 19. b4 Re5 20. c5 Re1+
21. Rd1 Rxd1+ 22. Kxd1 Rd8+ 23. Kc1 a5 24. bxa5 Rd5 25. a6 Rxc5+ 26. Kb2 bxa6
27. Bxa6 Rc2+ 28. Kb3 Rxf2 29. Bc4 Rxg2 30. Rf1 Bc2+ 31. Kc3 f6 32. h4 Ba4 33.
Rf4 Be8 34. Bd5 Rg3+ 35. Kb4 Ke7 36. a4 Kd6 37. Bg8 c5+ 38. Ka5 h6 39. Ka6 Bxa4
40. Rxa4 Rg2 41. Kb5 Rb2+ 42. Kc4 Rh2 43. Ra6+ Ke5 44. Re6+ Kf5 45. Kxc5 Rxh4
46. Re7 g6 47. Be6+ Kg5 48. Rg7 f5 49. Kd5 Rh1 50. Bg8 Kf6 51. Rf7+ Kg5 52. Rg7
Rd1+ 53. Ke5 Re1+ 54. Kd4 Kf6 55. Ra7 h5 56. Ra6+ Kg7 57. Bd5 h4 58. Ra7+ Kf6
59. Ra6+ Kg7 60. Ra7+ Kh6 61. Ra8 Kg5 62. Bf7 Re7 63. Bd5 Kg4 64. Ra6 g5 65.
Be6 Kf4 66. Kd3 h3 67. Bd5 Rd7 68. Kd4 h2 69. Ra1 g4 70. Rf1+ Kg3 71. Ke5 Rxd5+
0-1

[Event "Mauricie op"]
[Site "Trois-Rivieres CAN"]
[Date "2009.03.22"]
[Round "4"]
[White "Kraiouchkine, Nikita"]
[Black "Panayotov, Ivo"]
[Result "1-0"]
[WhiteElo "2243"]
[BlackElo "1975"]
[PlyCount "89"]
[EventDate "2009.03.20"]
[EventType "swiss"]
[EventRounds "5"]
[EventCountry "CAN"]

1. e4 g6 2. d4 Bg7 3. Nc3 d6 4. f4 c6 5. Nf3 Bg4 6. Be2 Nd7 7. Be3 e6 8. O-O
Ne7 9. a4 O-O 10. Qe1 Qc7 11. Qh4 Bxf3 12. Rxf3 Bf6 13. Qf2 Bg7 14. g4 f5 15.
Qh4 Rfe8 16. gxf5 exf5 17. e5 d5 18. Qe1 Kf7 19. a5 b5 20. Bd2 Ng8 21. Na2 Bf8
22. Bb4 Bxb4 23. Nxb4 Nf8 24. Rc3 Qb7 25. Rxc6 Ne6 26. a6 Qd7 27. Qh4 h6 28.
Bxb5 Qe7 29. Qxe7+ Rxe7 30. Nxd5 Rd7 31. Bc4 Nxd4 32. Rd1 Nxc6 33. Nf6+ Kg7 34.
Rxd7+ Nge7 35. Bd5 Kf8 36. Rxe7 Kxe7 37. Bxc6 Rc8 38. Nd5+ Kf7 39. Nb4 g5 40.
Bd5+ Kg6 41. Nc6 Kh5 42. e6 Kg4 43. fxg5 f4 44. e7 f3 45. Ne5+ 1-0

[Event "Pere Noel"]
[Site "Montreal CAN"]
[Date "2008.12.27"]
[Round "2"]
[White "Anastasovski, Nikola"]
[Black "Kraiouchkine, Nikita"]
[Result "0-1"]
[WhiteElo "2093"]
[BlackElo "2245"]
[PlyCount "84"]
[EventDate "2008.12.26"]
[EventType "swiss"]
[EventRounds "5"]
[EventCountry "CAN"]

1. c4 e5 2. Nc3 Nc6 3. g3 g6 4. Bg2 Bg7 5. d3 Nge7 6. e4 d6 7. Be3 Nd4 8. h3
Be6 9. Nge2 c6 10. f4 f5 11. O-O O-O 12. Rc1 fxe4 13. Nxe4 Nef5 14. Bf2 Nxe2+
15. Qxe2 exf4 16. gxf4 Nd4 17. Bxd4 Bxd4+ 18. Kh2 Qd7 19. Ng5 Bf5 20. Be4 Rae8
21. Qg2 Be3 22. Rc2 Bxe4 23. Nxe4 Bxf4+ 24. Kh1 Be5 25. Rcf2 Rxf2 26. Rxf2 Rf8
27. Rxf8+ Kxf8 28. b3 Qf5 29. Qf2 Qxf2 30. Nxf2 d5 31. Ng4 Bd4 32. Kg2 Ke7 33.
Nh2 Ke6 34. Kf3 Bf6 35. Ke3 Bg5+ 36. Kd4 dxc4 37. bxc4 Kf5 38. Nf3 Bh6 39. Ng1
Kf4 40. h4 Bg7+ 41. Kc5 Ke3 42. Nh3 Bf8# 0-1

[Event "Pere Noel"]
[Site "Montreal CAN"]
[Date "2008.12.28"]
[Round "3"]
[White "Kraiouchkine, Nikita"]
[Black "Fillion, Steve"]
[Result "1-0"]
[WhiteElo "2245"]
[BlackElo "2099"]
[PlyCount "53"]
[EventDate "2008.12.26"]
[EventType "swiss"]
[EventRounds "5"]
[EventCountry "CAN"]

1. e4 e6 2. d4 d5 3. e5 c5 4. c3 Nc6 5. Nf3 Qb6 6. a3 Bd7 7. b4 cxd4 8. cxd4
Rc8 9. Be3 Nh6 10. Bd3 Ng4 11. O-O Nxe3 12. fxe3 Be7 13. Nbd2 O-O 14. Kh1 f6
15. b5 Na5 16. exf6 Bxf6 17. Ne5 Bxe5 18. Qh5 g6 19. Qxe5 Qd8 20. Qg3 Qe7 21.
Nf3 Nc4 22. Bxc4 Rxc4 23. Ne5 Rcc8 24. a4 Rxf1+ 25. Rxf1 Be8 26. Ng4 Kg7 27.
Qe5+ 1-0